000 01469nam a2200373Ia 4500
001 ebr10459025
003 CaPaEBR
006 m u
007 cr cn|||||||||
008 100712s2011 pau sb 001 0 eng d
010 _z 2010028131
020 _z9780838757833
020 _z9781611480207
020 _z9781611480214
040 _aCaPaEBR
_cCaPaEBR
035 _a(OCoLC)755928723
050 1 4 _aPQ6140.L47
_bL47 2011eb
082 0 4 _a863/.7093526643
_222
245 0 0 _aLesbian realities/lesbian fictions in contemporary Spain
_h[electronic resource] /
_cedited by Nancy Vosburg and Jacky Collins.
260 _aLewisburg :
_bBucknell University Press,
_cc2011.
300 _a279 p.
504 _aIncludes bibliographical references and index.
533 _aElectronic reproduction.
_bPalo Alto, Calif. :
_cebrary,
_d2011.
_nAvailable via World Wide Web.
_nAccess may be limited to ebrary affiliated libraries.
650 0 _aGender identity
_zSpain.
650 0 _aLesbian culture
_zSpain.
650 0 _aLesbianism in literature.
650 0 _aSpanish fiction
_y20th century
_xHistory and criticism.
650 0 _aSpanish fiction
_y21st century
_xHistory and criticism.
655 7 _aElectronic books.
_2local
700 1 _aCollins, Jacky.
700 1 _aVosburg, Nancy,
_d1953-
710 2 _aebrary, Inc.
856 4 0 _uhttp://site.ebrary.com/lib/rucke/Doc?id=10459025
_zAn electronic book accessible through the World Wide Web; click to view
999 _c127145
_d127145